How to discern the beauty within (Record no. 71059)

MARC details
000 -LEADER
fixed length control field 00898cam a2200217 4500
001 - CONTROL NUMBER
control field ABS65877
008 - FIXED-LENGTH DATA ELEMENTS--GENERAL INFORMATION
fixed length control field 020902n2002 000 0 eng u
035 ## - SYSTEM CONTROL NUMBER
System control number (Sirsi) u119530
100 ## - MAIN ENTRY--PERSONAL NAME
Personal name Tasso, K.
245 ## - TITLE STATEMENT
Title How to discern the beauty within
260 ## - PUBLICATION, DISTRIBUTION, ETC.
Date of publication, distribution, etc. 2002
490 ## - SERIES STATEMENT
Series statement Estates Gazette
Volume/sequential designation (0233) 10 August 2002, 74-75(2)
520 ## - SUMMARY, ETC.
Summary, etc. Examines public relations and the property industry. Warns that many property companies get PR wrong and waste many opportunities; the client therefore needs to be very clear on what it wants. Argues a client business can combine its in-house media relations resources with an external specialist agency if the need arises making the costs easier to take.
590 ## - LOCAL NOTE (RLIN)
Local note ABS
650 ## - SUBJECT ADDED ENTRY--TOPICAL TERM
Topical term or geographic name entry element PUBLIC RELATIONS
650 ## - SUBJECT ADDED ENTRY--TOPICAL TERM
Topical term or geographic name entry element PROPERTY COMPANIES
650 ## - SUBJECT ADDED ENTRY--TOPICAL TERM
Topical term or geographic name entry element CONSULTANCIES
650 ## - SUBJECT ADDED ENTRY--TOPICAL TERM
Topical term or geographic name entry element PR AGENCY
690 ## - LOCAL SUBJECT ADDED ENTRY--TOPICAL TERM (OCLC, RLIN)
Topical term or geographic name as entry element PROPERTY MANAGEMENT
9 (RLIN) 6262
942 ## - ADDED ENTRY ELEMENTS (KOHA)
Suppress in OPAC 0
Holdings
Withdrawn status Lost status Source of classification or shelving scheme Damaged status Not for loan Home library Current library Shelving location Date acquired Total Checkouts Full call number Barcode Date last seen Copy number Price effective from Koha item type
    Dewey Decimal Classification     London London Books 02/09/2002   ABS65877 119530-1001 06/08/2019 1 06/08/2019 Book